000 00885nam a2200229 a 4500
001 000031689
003 DO-SdBNP
005 20240301141933.0
008 090706s1990 dr 000 | spa d
040 _aDO-SdBNP
_bspa
_cBNPHU
049 _aBNPD
082 _axxx
_bC313e
100 1 _aCarrasco, Nelson Eddy,
_d1940-
_914000
245 1 1 _a¿Existe relación de trabajo entre el socio trabajador y su empresa cooperativa de producción y trabajo? /
_cNelson Eddy Carrasco ; presentación de Mariano Germán.
260 _aSanto Domingo :
_bIDECOOP,
_c1990.
300 _a33 p. ;
_c21 cm.
500 _aIncluye datos biográficos del autor en la contracubierta.
504 _aIncluye referencias bibliográficas.
700 1 _aGermán M., Mariano,
_d1946-
_q(Germán Mejía)
_epresent.
_99311
710 1 _aInstituto de Desarrollo y Crédito Cooperativo
_957967
942 _2ddc
_cLBS1
999 _c31181
_d31181